000 00571nam a2200169 i 4500
001 102098
003 ES-MaACL
005 20230906183038.0
007 t|
008 051103s1929 sp ||||1| spa d
110 2 _aCompañía Madrileña de Urbanización.
_93121
245 1 0 _aMemoria 35º ejercicio social. Año 1928 /
_cCompañia Madrileña de Urbanización.
260 _aMadrid :
_b[s.n.],
_c1929 (
_fImp. Ciudad Lineal)
300 _a34 p., 5 h. ;
_c19 cm.
610 2 4 _aCompañía Madrileña de Urbanización-
_vMemorias.
_9151812
852 _aES-MaACL
_j1735-F-16
999 _c102098
_d102098